000 00464nam a2200181Ia 4500
001 43450
008 140425s9999 xx 000 0 und d
020 _aNA
040 _cPK-LaUMT
082 _aRHC 891.4394
_bEKR-T
100 _aKhawaja Ekram
245 _aTaaruf-o-tanqeed (Urdu)
_cKhawaja Ekram
260 _aNew Delhi,India:
_bJowahar Lal Nehro University,
_c2006
300 _a160 p.
546 _aUR
650 _aPakistani literature-Urdu
942 _cBK
999 _c41460
_d41460